000 00934nam0a2200289 4500
001 RU\NLR\ONL1\18305
005 20251118181805.7
035 _a(NLR Aleph) 009647043
090 _a9566240
_c9566240
100 _a20110804d1942 d y0rusy50 ca
101 1 _akom
_crus
102 _aRU
105 _aa |||||||||
200 1 _aФронтвывса челядь
_fС. Гарбузов
_g[пер. с рус. на коми язык Рочев Я. М.]
210 _aСыктывкар
_cКоми госиздат
_d1942
215 _a16,[2] c.
_cил.
_d22
541 1 _aФронтовые ребята
_zrus
686 1 _aШ9(2)672=Ко(Р)-4
700 1 _aГарбузов
_bС.
_4070
801 0 _aRU
_bNLR
_c20110804
_gPSBO
852 _aNLR
_bОНЛ
_jКоми-з./3-365
899 _aНБ РК
942 _cBOOK
945 _aРоссийская национальная библиотека
980 _aNB
980 _aBV